MAASAI MARA UNIVERSITY

LIBRARY CATALOGUE

Contact Us: +254 020 2685356/7 or 0774 057787

Box: 861-20500, NAROK, KENYA

Email: info@mmarau.ac.ke

_Basic concepts of microeconomics with special reference to kenya C.Ackello Ogutu (Record no. 14387)

MARC details
000 -LEADER
fixed length control field 00523nam a2200169Ia 4500
008 - FIXED-LENGTH DATA ELEMENTS--GENERAL INFORMATION
fixed length control field 151021s9999 xx 000 0 und d
020 ## - INTERNATIONAL STANDARD BOOK NUMBER
International Standard Book Number 9966846028
050 ## - LIBRARY OF CONGRESS CALL NUMBER
Classification number HC865 .A22 2011
245 ## - TITLE STATEMENT
Title _Basic concepts of microeconomics with special reference to kenya C.Ackello Ogutu
260 ## - PUBLICATION, DISTRIBUTION, ETC. (IMPRINT)
Place of publication, distribution, etc. Nairobi University of Nairobi 2011
300 ## - PHYSICAL DESCRIPTION
Extent xii,207p.;ill
500 ## - GENERAL NOTE
General note Includes index.
500 ## - GENERAL NOTE
General note Includes index.
650 ## - SUBJECT ADDED ENTRY--TOPICAL TERM
Topical term or geographic name as entry element _Microeconomics
700 ## - ADDED ENTRY--PERSONAL NAME
Personal name _John J.Waelti
980 ## - EQUIVALENCE OR CROSS-REFERENCE-SERIES STATEMENT--PERSONAL NAME/TITLE [LOCAL, CANADA]
Personal name ^d20130819 10:50:39^oanne

No items available.

© 2016 Maasai Mara University.